LEADER 01478nam a2200325 a 4500 001 000000130877 003 CaOOAMICUS 005 20121010110002.0 008 121010s20119999it u000 u ita r 020 $a88-14-16346-4 (v. 1) 040 $aPUL$bita 082 04$a347 245 00$aGuida alla volontaria giurisdizione /$ca cura di Roberto Masoni. 260 $aMilano :$bGiuffrè,$c©2011- 300 $a2 v. ;$c25 cm+$e1 Cd-Rom 504 $aInclude riferimenti bibliografici. 505 1 $aV. 1. Persone, famiglia, disposizioni comuni e procedimenti speciali. 650 4$aDiritto processuale civile.$0(OLS)http://pul/subject/1785 650 4$aGiustizia, amministrazione della$zItalia.$0(OLS)http://pul/subject/3435 700 1 $aMasoni, Roberto.$0(OLS)http://pul/name/66936 740 02$aPersone, famiglia, disposizioni comuni e procedimenti speciali. 850 $aPUL 852 $aPUL$W1$xSL Diritto e Scienze Sociali 3$y79$m347 MASRO 1.1$j151275$av. 1$qDDC 21$B150022$CPULBib$Z2$F150022 $H120984 $82 941 1 $a9 996 $6020$a88-14-16346-4 (v. 1)$9(OLS)http://pul/number/150843 996 $6082$a347$9(OLS)http://pul/classification/450 996 $6740$aPersone, famiglia, disposizioni comuni e procedimenti speciali$9(OLS)http://pul/title/165392 996 $6245$aGuida alla volontaria giurisdizione$9(OLS)http://pul/title/165391 996 $6260$aMilano :$bGiuffrè$9(OLS)http://pul/publisher/48401 LEADER 01031nam a2200265 a 4500 001 000000135934 003 CaOOAMICUS 005 20131023113554.0 008 131023s1970 it u000 udita r 040 $aPUL$bita 100 1 $aVittorini, Elio,$d1908-1966.$0(OLS)http://pul/name/35470 245 10$aConversazione in Sicilia /$cElio Vittorini ; introduzione di Edoardo Sanguineti. 250 $a4. ed. 260 $aTorino :$bEinaudi,$c1970. 300 $aXX, 186 p. ;$c19 cm 490 1 $aNuova universale Einaudi ;$v78 700 1 $aSanguineti, Edoardo,$d1930-2010.$0(OLS)http://pul/name/37881 830 0$aNuova universale Einaudi ;$v78.$0(OLS)http://pul/title/32770 850 $aPUL 852 $aPUL$W1$xDP1 Fondo E. Rossi$y115$m2 A 314$j156761$qFondi$B156101$CPULBib$Z2$F156101 $82 941 1 $a1 961 $aSul dorso collocazione ms. di E. Rossi: I 220 996 $6245$aConversazione in Sicilia$9(OLS)http://pul/title/171850 996 $6260$aTorino :$bEinaudi$9(OLS)http://pul/publisher/48130